000
00288nam a22001217a 4500
008
160429b xxu||||| |||| 00| 0 eng d
020
_a
9780805385380
020
_a
080538538
041
_a
eng
080
_a
618.2
245
_a
Critical Thinking in nursing:
_c
Carol Green;
942
_2
udc
_c
BK
999
_c
1677
_d
1677